Pokemon Inselkönige und Top 4 - 7. Gen. - Statistiken

Allgemein
  • Dieses Quiz wurde 74 mal gespielt
  • Das Durchschnittsergebnis liegt bei 14 aus 22
Antwortstatistiken
Hint Answers % Korrekt
Name Hala
89%
Name Hala
89%
Typ Kampf
87%
Typ Kampf
87%
Typ Gestein
78%
Typ Gestein
78%
Typ Boden
75%
Typ Flug
75%
Typ Unlicht
73%
Typ Geist
67%
Name Lola
64%
Name Mayla
64%
Name Mayla
64%
Typ Stahl
64%
Name Kahili
55%
Orden Battalium Z
51%
Name Marlon
49%
Name Yasu
49%
Orden Noctium Z
38%
Orden Terrium Z
36%
Orden Petrium Z
35%
Name Hapu´u
11%
Keine übereinstimmenden Quizze gefunden
Verteilung der Resultate
Anzahl Personen mit jedem Resultat
Perzentil nach korrekt beantworteten Fragen
Ihre Resultats-Entwicklung
Sie haben dieses Quiz noch nicht gespielt